| 000 | 00707nam a2200193 i 4500 | ||
|---|---|---|---|
| 001 | 188435 | ||
| 003 | ES-MaACL | ||
| 005 | 20230906223212.0 | ||
| 008 | 180921s1955 mx |||| | spa d | ||
| 100 | 1 |
_aCabrera, Enrique. _9165530 |
|
| 245 | 1 | 0 |
_aConsideraciones en torno al principio de contradicción / _cEnrique Cabrera. |
| 260 |
_aMéxico : _bUniversidad Nacional de México, _c1955. |
||
| 300 |
_a5 p. : _bil. ; _c22 cm. |
||
| 490 | 1 |
_aCuadernos del Seminario de Problemas Científicos y Filosóficos ; _v6 |
|
| 650 | 4 |
_aContradicción. _9140507 |
|
| 830 | 0 |
_aCuadernos del Seminario de Problemas Científicos y Filosóficos ; _v6 _9193031 |
|
| 852 |
_aES-MaACL _j2088-F-21 |
||
| 999 |
_c188435 _d188435 |
||